[Event "FIDE Chesscom Grand Swiss 2019"]
[Site "Douglas-Isle of Man"]
[Date "2019.10.19"]
[Round "9.34"]
[White "Clarke, Brandon G I"]
[Black "Houska, Jovanka"]
[Result "0-1"]
[WhiteElo "2445"]
[BlackElo "2430"]
[Annotator "NA"]
[PlyCount "66"]
[EventDate "2019.10.10"]
[EventType "swiss"]
[EventCountry "GBR"]
[SourceTitle "playchess.com"]
[Source "ChessBase"]
[SourceQuality "1"]
[TimeControl "40/6000+30:20/3000+30:900+30"]

1. e4 {[%emt 0:00:00]} c6 {[%emt 0:00:00]} 2. d4 {[%emt 0:00:00]} d5 {[%emt 0:00:00]} 3. e5 {[%emt 0:00:00]} Bf5 {[%emt 0:00:00]} 4. Nf3 {[%emt 0:01:05]} e6 {[%emt 0:00:00]} 5. Be2 {[%emt 0:00:06]} Ne7 {[%emt 0:00:00]} 6. O-O {[%emt 0:02:01]} Bg6 {[%emt 0:00:19]} 7. Nbd2 {[%emt 0:04:19]} Nf5 {[%emt 0:00:42]} 8. c4 {[%emt 0:03:59]} Be7 {[%emt 0:00:25]} 9. a4 {[%emt 0:06:18]} O-O {[%emt 0:12:06]} 10. a5 {[%emt 0:01:42]} dxc4 {[%emt 0:02:35]} 11. Nxc4 {[%emt 0:01:28]} Bh5 {[%emt 0:01:01]} 12. Be3 {[%emt 0:01:47]} Na6 {[%emt 0:00:52]} 13. Qb3 {[%emt 0:08:56]} Rb8 {[%emt 0:04:27]} 14. Rfd1 {[%emt 0:05:37]} Nc7 {[%emt 0:04:44]} 15. h3 {[%emt 0:01:56]} Nxe3 {[%emt 0:06:40]} 16. fxe3 {[%emt 0:08:22]} Nd5 {[%emt 0:02:13]} 17. e4 {[%emt 0:15:37]} Nf4 {[%emt 0:05:48]} 18. Bf1 {[%emt 0:00:59]} f5 {[%emt 0:05:17]} 19. exf5 {[%emt 0:12:23]} Bxf3 {[%emt 0:08:57]} 20. Qxf3 {[%emt 0:00:12]} Rxf5 {[%emt 0:00:05]} 21. Ne3 {[%emt 0:06:23]} Rf7 {[%emt 0:01:01]} 22. Qe4 {[%emt 0:08:09]} Bh4 {[%emt 0:07:24]} 23. Nc4 {[%emt 0:06:31]} Qg5 {[%emt 0:02:46]} 24. Ra3 {[%emt 0:01:35]} Nd5 {[%emt 0:04:33]} 25. a6 {[%emt 0:11:09]} Bf2+ {[%emt 0:03:43]} 26. Kh1 {[%emt 0:01:03]} Rf4 {[%emt 0:00:15]} 27. Qc2 {[%emt 0:00:52]} b5 {[%emt 0:11:07]} 28. Nd6 {[%emt 0:00:39]} Bxd4 {[%emt 0:01:29]} 29. Qxc6 {[%emt 0:00:37]} Rbf8 {[%emt 0:00:30]} 30. Qxb5 {[%emt 0:00:41]} Bxe5 {[%emt 0:01:33]} 31. Nb7 {[%emt 0:00:33]} Rf2 {[%emt 0:01:28]} 32. Qc4 {[%emt 0:00:22]} Ne3 {[%emt 0:01:24]} 33. Rxe3 {[%emt 0:00:21]} Qxe3 {[%emt 0:00:07]} 0-1

[Event "FIDE Chesscom Grand Swiss 2019"]
[Site "Douglas-Isle of Man"]
[Date "2019.10.19"]
[Round "9.35"]
[White "Rodshtein, Maxim"]
[Black "Rakotomaharo, Fy Antenaina"]
[Result "0-1"]
[WhiteElo "2684"]
[BlackElo "2428"]
[Annotator "TA"]
[PlyCount "60"]
[EventDate "2019.10.10"]
[EventType "swiss"]
[EventCountry "GBR"]
[SourceTitle "playchess.com"]
[Source "ChessBase"]
[SourceQuality "1"]

{[%evp 14,140,29,24,46,0,0,0,9,-8,-9,0,31,34,127,118,113,114,165,159,191,54,59,55,48,50,55,54,53,44,51,14,26,-66,-66,-69,-70,-147,-131,-216,-224,-360,-350,-381,-271,-290,-290,-283,-274,-261,-127,-138,-111,-185,-185,-250,-257,-252,-189,-195,-203,-204,-201,-190,-204,-210,-197,-203,-201,-304,-302,-294,-277,-310,-115,-127,-36,-45,-31,-85,-76,-89,-45,-37,-12,-42,-41,-223,-41,-181,-152,-176,-145,-158,-156,-210,-222,-216,-219,-477,-39,-1492,-1425,-846,-520,-6129,-2745,-12828,-12827,-12827,-12827,-12827,-12512,-12835,-12835,-1737,-1651,-12834,-755,-12840,-12841,-12841,-12841,-12844,-12844,-12845,-12845,-12848,-12848]} 1. c4 f5 2. d4 Nf6 3. g3 g6 4. Bg2 Bg7 5. Nf3 d6 6. Nc3 O-O 7. O-O c6 8. Qb3 Qb6 {A88: Dutch Defence: Leningrad System: 5 Nf3 0-0 6 0-0 d6 7 Nc3 c6} (8... Na6 9. Re1 Kh8 10. e4 e5 11. exf5 exd4 12. Nxd4 Nc5 13. Qd1 gxf5 14. Bf4 Nce4 15. Rc1 d5 16. Nxe4 Nxe4 {1-0 (35) Mamedyarov,S (2817)-Anton Guijarro,D (2642) St Petersburg 2018}) 9. Re1 Na6 10. Qc2 Qc7 {The position is equal.} 11. Rb1 $146 ({Predecessor:} 11. e4 Nb4 12. Qd2 Nxe4 13. Nxe4 fxe4 14. Ng5 Nd3 15. Rxe4 Nxf2 16. Rf4 Ng4 17. Rxf8+ Bxf8 {½-½ (39) Supi,L (2548)-Cheparinov,I (2715) Batumi 2018}) 11... e5 12. b4 exd4 (12... e4 $5 {[%cal Re4f3]} 13. Nd2 Qe7 $11) 13. Nxd4 Ne4 (13... Qf7 $1 $14) 14. Nxe4 $16 fxe4 15. Be3 d5 (15... Bxd4 $16 16. Bxd4 Bf5) 16. Rec1 $1 $18 {Hoping for cxd5.} Qe7 17. Qb3 (17. cxd5 $18 Nxb4 18. d6 (18. Qxe4 Nxd5 19. Qxe7 Nxe7 $14) 18... Qxd6 19. Qb3+ (19. Qxe4 a5 $14) 19... Nd5 20. Bxe4) 17... Qxb4 {[%mdl 64] Remove Defender, Decoy} 18. Qxb4 Nxb4 19. Rxb4 {And now cxd5 would win.} c5 20. Ne6 $1 {[%cal Re6c5][%mdl 64] Discovered Attack} cxb4 21. Nxf8 d4 22. Bf4 Bf5 23. Ne6 (23. Nd7 $11 Bxd7 24. Bxe4) 23... Bxe6 $15 24. Bxe4 Rc8 $1 25. c5 (25. Bd3 $15) 25... Bf8 $17 26. Rb1 (26. Rd1 $17) 26... a5 $19 ({And not} 26... Bxc5 27. Bxb7 Re8 28. Rb2 $11) 27. Bxb7 (27. Rb2 {was worth a try.}) 27... Rxc5 28. Rb2 Rc3 29. Be4 a4 30. Bd2 {If White can now play Bc2 this consolidates a bit.} Ra3 {Played: b4-b3} 0-1

[Event "FIDE Chesscom Grand Swiss 2019"]
[Site "Douglas-Isle of Man"]
[Date "2019.10.19"]
[Round "9.36"]
[White "Boruchovsky, Avital"]
[Black "Batsiashvili, Nino"]
[Result "1-0"]
[WhiteElo "2533"]
[BlackElo "2422"]
[Annotator "ChessBase"]
[PlyCount "183"]
[EventDate "2019.10.10"]
[EventType "swiss"]
[EventCountry "GBR"]
[SourceTitle "playchess.com"]
[Source "ChessBase"]
[SourceQuality "1"]
[TimeControl "40/6000+30:20/3000+30:900+30"]

1. Nf3 {[%emt 0:00:00]} d5 {[%emt 0:00:00]} 2. g3 {[%emt 0:00:00]} g6 {[%emt 0:00:00]} 3. Bg2 {[%emt 0:00:00]} Bg7 {[%emt 0:00:00]} 4. d4 {[%emt 0:00:07]} Nf6 {[%emt 0:00:00]} 5. O-O {[%emt 0:00:33]} O-O {[%emt 0:00:01]} 6. c4 {[%emt 0:00:44]} dxc4 {[%emt 0:00:04]} 7. Na3 {[%emt 0:01:17]} c5 {[%emt 0:00:20]} 8. dxc5 {[%emt 0:04:39]} Be6 {[%emt 0:06:13]} 9. Qc2 {[%emt 0:07:51]} Na6 {[%emt 0:35:58]} 10. Rd1 {[%emt 0:03:53]} Qc8 {[%emt 0:05:55]} 11. Ng5 {[%emt 0:02:13]} Bf5 {[%emt 0:01:43]} 12. Qxc4 {[%emt 0:02:21]} h6 {[%emt 0:04:48]} 13. Nf3 {[%emt 0:01:10]} Qxc5 {[%emt 0:01:20]} 14. Nd4 {[%emt 0:02:27]} Be4 {[%emt 0:01:18]} 15. Qxc5 {[%emt 0:00:08]} Nxc5 {[%emt 0:00:04]} 16. f3 {[%emt 0:00:08]} e5 {[%emt 0:09:40]} 17. Ndb5 {[%emt 0:00:38]} Bc6 {[%emt 0:00:14]} 18. Be3 {[%emt 0:00:09]} b6 {[%emt 0:03:02]} 19. Rac1 {[%emt 0:05:30]} a6 {[%emt 0:01:42]} 20. Nd6 {[%emt 0:09:17]} Bd5 {[%emt 0:07:49]} 21. Nac4 {[%emt 0:10:22]} Rab8 {[%emt 0:02:40]} 22. Nxe5 {[%emt 0:02:10]} Bxa2 {[%emt 0:02:52]} 23. Nc6 {[%emt 0:00:10]} Ra8 {[%emt 0:00:25]} 24. Bxc5 {[%emt 0:12:42]} bxc5 {[%emt 0:00:01]} 25. Rxc5 {[%emt 0:02:07]} Bb3 {[%emt 0:08:44]} 26. Rd2 {[%emt 0:01:00]} Nd7 {[%emt 0:01:06]} 27. Ra5 {[%emt 0:01:21]} Nb8 {[%emt 0:00:13]} 28. f4 {[%emt 0:11:20]} Nxc6 {[%emt 0:00:11]} 29. Bxc6 {[%emt 0:00:03]} Rab8 {[%emt 0:02:23]} 30. Rxa6 {[%emt 0:02:37]} Rfd8 {[%emt 0:00:27]} 31. Ne4 {[%emt 0:03:14]} Rxd2 {[%emt 0:06:24]} 32. Nxd2 {[%emt 0:00:04]} Be6 {[%emt 0:00:08]} 33. b3 {[%emt 0:03:00]} Bc3 {[%emt 0:00:08]} 34. Ra2 {[%emt 0:06:35]} Bxd2 {[%emt 0:02:32]} 35. Rxd2 {[%emt 0:00:02]} Rxb3 {[%emt 0:00:04]} 36. Kf2 {[%emt 0:00:25]} h5 {[%emt 0:00:18]} 37. Bf3 {[%emt 0:07:07]} Kg7 {[%emt 0:00:21]} 38. Rd3 {[%emt 0:00:30]} Rb2 {[%emt 0:00:19]} 39. Rc3 {[%emt 0:00:06]} Ra2 {[%emt 0:00:23]} 40. Rc7 {[%emt 0:00:30]} Rb2 {[%emt 0:00:52]} 41. f5 {[%emt 1:00:30]} Bxf5 {[%emt 0:21:39]} 42. Bd5 {[%emt 0:00:00]} h4 {[%emt 0:00:50]} 43. Rxf7+ {[%emt 0:00:00]} Kh6 {[%emt 0:00:21]} 44. Re7 {[%emt 0:00:00]} hxg3+ {[%emt 0:01:12]} 45. Kxg3 {[%emt 0:00:00]} Kg5 {[%emt 0:00:49]} 46. e4 {[%emt 0:00:00]} Rd2 {[%emt 0:01:23]} 47. h4+ {[%emt 0:00:00]} Kh6 {[%emt 0:06:22]} 48. Kf4 {[%emt 0:00:00]} Bh3 {[%emt 0:01:17]} 49. Rc7 {[%emt 0:00:00]} Rd1 {[%emt 0:02:52]} 50. Ke5 {[%emt 0:00:00]} Rd2 {[%emt 0:10:37]} 51. Ra7 {[%emt 0:00:00]} Rd1 {[%emt 0:00:48]} 52. Ra3 {[%emt 0:00:00]} Bg4 {[%emt 0:01:44]} 53. Ra8 {[%emt 0:00:00]} Rh1 {[%emt 0:06:00]} 54. Kf6 {[%emt 0:00:00]} Rf1+ {[%emt 0:00:10]} 55. Ke7 {[%emt 0:00:00]} Re1 {[%emt 0:03:10]} 56. Rh8+ {[%emt 0:00:00]} Kg7 {[%emt 0:00:01]} 57. Rg8+ {[%emt 0:00:00]} Kh7 {[%emt 0:02:06]} 58. Kf6 {[%emt 0:00:00]} Rf1+ {[%emt 0:00:23]} 59. Kg5 {[%emt 0:00:00]} Be2 {[%emt 0:01:13]} 60. Rb8 {[%emt 0:02:13]} Rg1+ {[%emt 0:00:03]} 61. Kf6 {[%emt 0:15:06]} Rf1+ {[%emt 0:15:03]} 62. Ke5 {[%emt 0:00:05]} Rh1 {[%emt 0:00:21]} 63. Kd6 {[%emt 0:04:00]} Rxh4 {[%emt 0:04:25]} 64. e5 {[%emt 0:00:13]} Bg4 {[%emt 0:00:00]} 65. Rb4 {[%emt 0:00:00]} g5 {[%emt 0:00:00]} 66. e6 {[%emt 0:00:00]} Bxe6 {[%emt 0:00:00]} 67. Rb7+ {[%emt 0:00:00]} Kg6 {[%emt 0:00:00]} 68. Bxe6 {[%emt 0:00:00]} Rh2 {[%emt 0:00:00]} 69. Rb8 {[%emt 0:00:00]} g4 {[%emt 0:00:00]} 70. Rg8+ {[%emt 0:00:00]} Kf6 {[%emt 0:00:00]} 71. Rxg4 {[%emt 0:00:00]} Rd2+ {[%emt 0:00:00]} 72. Bd5 {[%emt 0:00:00]} Kf5 {[%emt 0:00:00]} 73. Rg8 {[%emt 0:00:00]} Kf4 {[%emt 0:00:00]} 74. Rf8+ {[%emt 0:00:00]} Ke3 {[%emt 0:00:00]} 75. Ke5 {[%emt 0:00:00]} Rd3 {[%emt 0:00:00]} 76. Be4 {[%emt 0:00:00]} Rc3 {[%emt 0:00:00]} 77. Kd5 {[%emt 0:00:00]} Rc7 {[%emt 0:00:00]} 78. Rf3+ {[%emt 0:00:00]} Ke2 {[%emt 0:00:00]} 79. Ra3 {[%emt 0:00:00]} Rd7+ {[%emt 0:00:02]} 80. Ke5 {[%emt 0:00:00]} Rd8 {[%emt 0:02:26]} 81. Bd5 {[%emt 0:00:00]} Kf2 {[%emt 0:00:31]} 82. Kd4 {[%emt 0:00:00]} Rd7 {[%emt 0:00:04]} 83. Rf3+ {[%emt 0:00:00]} Ke2 {[%emt 0:00:15]} 84. Rg3 {[%emt 0:00:00]} Kf2 {[%emt 0:01:40]} 85. Rg2+ {[%emt 0:00:00]} Kf1 {[%emt 0:00:03]} 86. Rb2 {[%emt 0:00:00]} Rd8 {[%emt 0:00:07]} 87. Ke4 {[%emt 0:00:00]} Kg1 {[%emt 0:00:52]} 88. Rd2 {[%emt 0:00:00]} Rd6 {[%emt 0:02:09]} 89. Ke3 {[%emt 0:01:47]} Rd8 {[%emt 0:01:31]} 90. Rd1+ {[%emt 0:00:00]} Kh2 {[%emt 0:00:41]} 91. Kf2 {[%emt 0:00:00]} Rf8+ {[%emt 0:00:11]} 92. Bf3 {[%emt 0:00:00]} 1-0

[Event "FIDE Chesscom Grand Swiss 2019"]
[Site "Douglas-Isle of Man"]
[Date "2019.10.19"]
[Round "9.37"]
[White "Atalik, Ekaterina"]
[Black "Solomon, Kenny"]
[Result "1-0"]
[WhiteElo "2464"]
[BlackElo "2382"]
[Annotator "ChessBase"]
[PlyCount "113"]
[EventDate "2019.10.10"]
[EventType "swiss"]
[EventCountry "GBR"]
[SourceTitle "playchess.com"]
[Source "ChessBase"]
[SourceQuality "1"]
[TimeControl "40/6000+30:20/3000+30:900+30"]

1. d4 {[%emt 0:00:00]} Nf6 {[%emt 0:00:00]} 2. g3 {[%emt 0:00:00]} c5 {[%emt 0:02:09]} 3. Nf3 {[%emt 0:01:09]} cxd4 {[%emt 0:01:15]} 4. Nxd4 {[%emt 0:00:06]} d5 {[%emt 0:03:13]} 5. Bg2 {[%emt 0:01:09]} e5 {[%emt 0:04:08]} 6. Nb3 {[%emt 0:01:11]} Bb4+ {[%emt 0:01:11]} 7. c3 {[%emt 0:05:09]} Be7 {[%emt 0:00:05]} 8. c4 {[%emt 0:03:25]} Be6 {[%emt 0:23:02]} 9. Nc3 {[%emt 0:08:12]} d4 {[%emt 0:03:20]} 10. Bxb7 {[%emt 0:00:52]} Nbd7 {[%emt 0:00:05]} 11. Nd5 {[%emt 0:09:28]} Rb8 {[%emt 0:05:44]} 12. Bc6 {[%emt 0:02:59]} Qc8 {[%emt 0:03:29]} 13. Nxe7 {[%emt 0:02:42]} Kxe7 {[%emt 0:00:06]} 14. Bg2 {[%emt 0:00:47]} Bxc4 {[%emt 0:21:48]} 15. f4 {[%emt 0:14:50]} Re8 {[%emt 0:14:12]} 16. O-O {[%emt 0:06:38]} Kf8 {[%emt 0:07:03]} 17. fxe5 {[%emt 0:05:34]} Nxe5 {[%emt 0:00:25]} 18. Bf4 {[%emt 0:08:25]} Qa6 {[%emt 0:11:47]} 19. Qxd4 {[%emt 0:03:06]} Rbd8 {[%emt 0:01:45]} 20. Qc5+ {[%emt 0:05:12]} Kg8 {[%emt 0:02:32]} 21. Bxe5 {[%emt 0:10:01]} Nd7 {[%emt 0:00:00]} 22. Qa5 {[%emt 0:00:58]} Nxe5 {[%emt 0:00:26]} 23. Qxa6 {[%emt 0:00:20]} Bxa6 {[%emt 0:00:01]} 24. Rfe1 {[%emt 0:00:53]} Nc4 {[%emt 0:00:52]} 25. Nc5 {[%emt 0:01:41]} Bc8 {[%emt 0:00:02]} 26. b3 {[%emt 0:04:18]} Ne3 {[%emt 0:01:07]} 27. Bc6 {[%emt 0:02:40]} Re5 {[%emt 0:02:14]} 28. Rac1 {[%emt 0:01:07]} Kf8 {[%emt 0:01:12]} 29. Nd3 {[%emt 0:01:49]} Re7 {[%emt 0:00:02]} 30. Bf3 {[%emt 0:00:45]} g5 {[%emt 0:00:34]} 31. Rc5 {[%emt 0:04:43]} Bf5 {[%emt 0:00:07]} 32. Nb4 {[%emt 0:02:23]} Rd2 {[%emt 0:01:30]} 33. Nd5 {[%emt 0:02:14]} Re5 {[%emt 0:00:28]} 34. Nxe3 {[%emt 0:01:40]} Rxc5 {[%emt 0:00:01]} 35. b4 {[%emt 0:00:19]} Rb5 {[%emt 0:00:50]} 36. a4 {[%emt 0:00:13]} Rxb4 {[%emt 0:00:33]} 37. Nxf5 {[%emt 0:00:10]} g4 {[%emt 0:00:38]} 38. Bc6 {[%emt 0:00:57]} Rc2 {[%emt 0:00:31]} 39. Bb5 {[%emt 0:00:25]} Rc5 {[%emt 0:00:30]} 40. Ne3 {[%emt 0:00:33]} a6 {[%emt 0:00:27]} 41. Bxa6 {[%emt 0:50:43]} Rxa4 {[%emt 0:03:05]} 42. Bd3 {[%emt 0:00:00]} h5 {[%emt 0:03:35]} 43. Rb1 {[%emt 0:00:00]} Raa5 {[%emt 0:11:09]} 44. Rb7 {[%emt 0:00:00]} Re5 {[%emt 0:00:29]} 45. Nc4 {[%emt 0:00:00]} Ra1+ {[%emt 0:00:39]} 46. Kg2 {[%emt 0:00:00]} Re6 {[%emt 0:00:30]} 47. Rb5 {[%emt 0:00:00]} Rh6 {[%emt 0:02:50]} 48. Ne3 {[%emt 0:00:00]} Ra8 {[%emt 0:01:15]} 49. Nd5 {[%emt 0:00:00]} Kg7 {[%emt 0:02:54]} 50. Nf4 {[%emt 0:00:00]} Rah8 {[%emt 0:00:02]} 51. h3 {[%emt 0:00:00]} gxh3+ {[%emt 0:00:31]} 52. Kxh3 {[%emt 0:00:00]} Rd6 {[%emt 0:02:35]} 53. Nxh5+ {[%emt 0:00:00]} Kh6 {[%emt 0:00:03]} 54. Kh4 {[%emt 0:00:00]} Rd4+ {[%emt 0:19:35]} 55. g4 {[%emt 0:00:00]} Re8 {[%emt 0:00:01]} 56. Rb6+ {[%emt 0:00:00]} Re6 {[%emt 0:00:02]} 57. Rb8 {[%emt 0:00:00]} 1-0

[Event "FIDE Chesscom Grand Swiss 2019"]
[Site "Douglas-Isle of Man"]
[Date "2019.10.19"]
[Round "9.38"]
[White "Cramling, Pia"]
[Black "Zatonskih, Anna"]
[Result "1/2-1/2"]
[WhiteElo "2462"]
[BlackElo "2422"]
[Annotator "ChessBase"]
[PlyCount "94"]
[EventDate "2019.10.10"]
[EventType "swiss"]
[EventCountry "GBR"]
[SourceTitle "playchess.com"]
[Source "ChessBase"]
[SourceQuality "1"]
[TimeControl "40/6000+30:20/3000+30:900+30"]

1. d4 {[%emt 0:00:00]} d5 {[%emt 0:00:00]} 2. Nf3 {[%emt 0:00:00]} Nf6 {[%emt 0:00:06]} 3. c4 {[%emt 0:00:04]} e6 {[%emt 0:00:05]} 4. Nc3 {[%emt 0:00:19]} Be7 {[%emt 0:00:22]} 5. g3 {[%emt 0:00:23]} O-O {[%emt 0:04:23]} 6. Bg2 {[%emt 0:00:11]} dxc4 {[%emt 0:01:13]} 7. Ne5 {[%emt 0:00:25]} c5 {[%emt 0:02:31]} 8. dxc5 {[%emt 0:00:27]} Qc7 {[%emt 0:15:20]} 9. Nxc4 {[%emt 0:01:39]} Qxc5 {[%emt 0:00:18]} 10. Qb3 {[%emt 0:17:28]} Nc6 {[%emt 0:15:36]} 11. Be3 {[%emt 0:01:47]} Nd4 {[%emt 0:04:07]} 12. Bxd4 {[%emt 0:00:19]} Qxd4 {[%emt 0:00:06]} 13. O-O {[%emt 0:01:43]} Rb8 {[%emt 0:05:17]} 14. Rfd1 {[%emt 0:15:36]} Qc5 {[%emt 0:01:38]} 15. Rac1 {[%emt 0:02:19]} Bd7 {[%emt 0:24:07]} 16. Ne4 {[%emt 0:17:23]} Qb5 {[%emt 0:03:26]} 17. Qxb5 {[%emt 0:17:29]} Bxb5 {[%emt 0:00:04]} 18. e3 {[%emt 0:00:30]} Nxe4 {[%emt 0:10:19]} 19. Bxe4 {[%emt 0:00:08]} Bxc4 {[%emt 0:00:16]} 20. Rxc4 {[%emt 0:00:29]} Rfd8 {[%emt 0:00:08]} 21. Rdc1 {[%emt 0:05:53]} Bd6 {[%emt 0:01:56]} 22. Ra4 {[%emt 0:01:15]} a6 {[%emt 0:00:05]} 23. Kf1 {[%emt 0:08:37]} Kf8 {[%emt 0:00:31]} 24. Ke2 {[%emt 0:00:36]} f5 {[%emt 0:03:17]} 25. Bf3 {[%emt 0:00:39]} Ke7 {[%emt 0:01:05]} 26. h3 {[%emt 0:01:19]} Rd7 {[%emt 0:02:14]} 27. g4 {[%emt 0:01:02]} Rc7 {[%emt 0:01:20]} 28. Rxc7+ {[%emt 0:02:31]} Bxc7 {[%emt 0:00:01]} 29. gxf5 {[%emt 0:01:00]} exf5 {[%emt 0:00:02]} 30. Bd5 {[%emt 0:02:11]} a5 {[%emt 0:00:27]} 31. Rc4 {[%emt 0:02:28]} Be5 {[%emt 0:02:28]} 32. b3 {[%emt 0:00:35]} Bd6 {[%emt 0:00:56]} 33. Kd3 {[%emt 0:03:08]} h6 {[%emt 0:05:49]} 34. e4 {[%emt 0:02:45]} fxe4+ {[%emt 0:02:08]} 35. Rxe4+ {[%emt 0:00:14]} Kd7 {[%emt 0:00:50]} 36. h4 {[%emt 0:00:59]} b6 {[%emt 0:02:26]} 37. Rg4 {[%emt 0:00:19]} Be5 {[%emt 0:00:36]} 38. f4 {[%emt 0:02:15]} Bf6 {[%emt 0:00:17]} 39. f5 {[%emt 0:00:06]} Kd6 {[%emt 0:00:50]} 40. Be6 {[%emt 0:00:48]} Rd8 {[%emt 0:00:49]} 41. Ke3 {[%emt 0:13:13]} b5 {[%emt 0:09:59]} 42. a4 {[%emt 0:01:11]} Rb8 {[%emt 0:00:58]} 43. h5 {[%emt 0:01:08]} bxa4 {[%emt 0:01:16]} 44. Rxa4 {[%emt 0:00:10]} Rb5 {[%emt 0:00:08]} 45. Kf3 {[%emt 0:00:40]} Be5 {[%emt 0:02:35]} 46. Ke4 {[%emt 0:02:56]} Rb4+ {[%emt 0:06:02]} 47. Rxb4 {[%emt 0:00:17]} axb4 {[%emt 0:00:02]} 1/2-1/2

[Event "FIDE Chesscom Grand Swiss 2019"]
[Site "Douglas-Isle of Man"]
[Date "2019.10.19"]
[Round "9.39"]
[White "Arkell, Keith C"]
[Black "Kolbus, Dietmar"]
[Result "1-0"]
[WhiteElo "2447"]
[BlackElo "2300"]
[Annotator "NA"]
[PlyCount "143"]
[EventDate "2019.10.10"]
[EventType "swiss"]
[EventCountry "GBR"]
[SourceTitle "playchess.com"]
[Source "ChessBase"]
[SourceQuality "1"]
[TimeControl "40/6000+30:20/3000+30:900+30"]

1. d4 {[%emt 0:00:00]} Nf6 {[%emt 0:00:00]} 2. Nf3 {[%emt 0:00:00]} g6 {[%emt 0:00:00]} 3. c4 {[%emt 0:00:00]} Bg7 {[%emt 0:00:00]} 4. g3 {[%emt 0:00:00]} O-O {[%emt 0:00:22]} 5. Bg2 {[%emt 0:00:00]} c6 {[%emt 0:01:15]} 6. O-O {[%emt 0:00:02]} d5 {[%emt 0:00:04]} 7. Nbd2 {[%emt 0:00:03]} Na6 {[%emt 0:12:51]} 8. b3 {[%emt 0:01:58]} Ne4 {[%emt 0:10:36]} 9. Bb2 {[%emt 0:01:09]} Qa5 {[%emt 0:04:35]} 10. a3 {[%emt 0:02:32]} Nxd2 {[%emt 0:01:07]} 11. Nxd2 {[%emt 0:00:26]} Qd8 {[%emt 0:02:28]} 12. b4 {[%emt 0:00:50]} Nc7 {[%emt 0:00:30]} 13. a4 {[%emt 0:04:27]} a6 {[%emt 0:02:30]} 14. a5 {[%emt 0:15:22]} Be6 {[%emt 0:01:15]} 15. Qc2 {[%emt 0:01:10]} Bf5 {[%emt 0:03:12]} 16. Qb3 {[%emt 0:00:42]} Qd7 {[%emt 0:04:26]} 17. Rfe1 {[%emt 0:01:25]} Rad8 {[%emt 0:01:00]} 18. Rad1 {[%emt 0:01:56]} Bh3 {[%emt 0:03:43]} 19. Bh1 {[%emt 0:00:10]} Qc8 {[%emt 0:01:26]} 20. e3 {[%emt 0:01:15]} Qb8 {[%emt 0:01:34]} 21. Rc1 {[%emt 0:05:47]} Be6 {[%emt 0:03:52]} 22. Bg2 {[%emt 0:00:42]} dxc4 {[%emt 0:04:24]} 23. Nxc4 {[%emt 0:00:06]} Nb5 {[%emt 0:00:12]} 24. Qc2 {[%emt 0:00:35]} Bd5 {[%emt 0:00:26]} 25. Bh3 {[%emt 0:01:01]} Bxc4 {[%emt 0:01:12]} 26. Qxc4 {[%emt 0:00:05]} e5 {[%emt 0:00:11]} 27. dxe5 {[%emt 0:01:22]} Bxe5 {[%emt 0:00:08]} 28. Bxe5 {[%emt 0:01:21]} Qxe5 {[%emt 0:00:06]} 29. Red1 {[%emt 0:02:20]} Qf6 {[%emt 0:03:43]} 30. Kg2 {[%emt 0:07:43]} Rd6 {[%emt 0:05:59]} 31. Rxd6 {[%emt 0:00:14]} Qxd6 {[%emt 0:00:25]} 32. Bg4 {[%emt 0:00:45]} Rd8 {[%emt 0:02:02]} 33. Rd1 {[%emt 0:00:19]} Qf8 {[%emt 0:00:34]} 34. Rxd8 {[%emt 0:01:06]} Qxd8 {[%emt 0:00:30]} 35. h4 {[%emt 0:01:32]} Kg7 {[%emt 0:02:07]} 36. Bf3 {[%emt 0:06:21]} Qe7 {[%emt 0:01:31]} 37. h5 {[%emt 0:00:29]} Qe5 {[%emt 0:14:58]} 38. Qh4 {[%emt 0:04:42]} f6 {[%emt 0:02:54]} 39. h6+ {[%emt 0:00:16]} Kf8 {[%emt 0:00:22]} 40. Qg4 {[%emt 0:05:11]} Nd6 {[%emt 0:00:45]} 41. Qd4 {[%emt 1:12:12]} Ke7 {[%emt 0:50:23]} 42. Qa7 {[%emt 0:07:15]} Kd7 {[%emt 0:00:26]} 43. Bg4+ {[%emt 0:04:33]} f5 {[%emt 0:00:06]} 44. Bf3 {[%emt 0:00:08]} Kc7 {[%emt 0:05:18]} 45. g4 {[%emt 0:08:12]} Qf6 {[%emt 0:16:20]} 46. Qc5 {[%emt 0:00:00]} Kd7 {[%emt 0:00:00]} 47. Kg3 {[%emt 0:00:00]} Ke6 {[%emt 0:00:00]} 48. Qc2 {[%emt 0:00:00]} Qe5+ {[%emt 0:00:00]} 49. Kg2 {[%emt 0:00:00]} Kf6 {[%emt 0:00:00]} 50. Qb3 {[%emt 0:00:00]} Nf7 {[%emt 0:00:00]} 51. Be2 {[%emt 0:00:00]} f4 {[%emt 0:00:00]} 52. Qc4 {[%emt 0:01:06]} g5 {[%emt 0:00:00]} 53. exf4 {[%emt 0:01:43]} gxf4 {[%emt 0:00:00]} 54. Bd3 {[%emt 0:00:57]} Nxh6 {[%emt 0:00:00]} 55. Kf3 {[%emt 0:01:34]} Kg5 {[%emt 0:00:00]} 56. Bxh7 {[%emt 0:00:38]} Qd5+ {[%emt 0:00:00]} 57. Qxd5+ {[%emt 0:01:11]} cxd5 {[%emt 0:00:00]} 58. Ke2 {[%emt 0:01:14]} Nxg4 {[%emt 0:00:00]} 59. Bg8 {[%emt 0:00:11]} Nf6 {[%emt 0:00:00]} 60. Be6 {[%emt 0:00:02]} Ne4 {[%emt 0:00:17]} 61. Kd3 {[%emt 0:17:42]} Nxf2+ {[%emt 0:17:29]} 62. Kd4 {[%emt 0:00:00]} f3 {[%emt 0:00:00]} 63. Bxd5 {[%emt 0:00:00]} Kf4 {[%emt 0:00:00]} 64. Bxb7 {[%emt 0:00:00]} Ng4 {[%emt 0:00:00]} 65. Bxa6 {[%emt 0:00:00]} f2 {[%emt 0:00:00]} 66. Be2 {[%emt 0:00:00]} Ne5 {[%emt 0:00:00]} 67. a6 {[%emt 0:00:00]} Nf3+ {[%emt 0:00:00]} 68. Kd3 {[%emt 0:00:00]} Ne5+ {[%emt 0:00:00]} 69. Kd2 {[%emt 0:00:00]} Nf3+ {[%emt 0:00:00]} 70. Kd1 {[%emt 0:00:00]} Nd4 {[%emt 0:00:00]} 71. a7 {[%emt 0:00:00]} Nxe2 {[%emt 0:00:00]} 72. Kxe2 {[%emt 0:00:00]} 1-0